Complete os ditados populares. - Statistics

Estatísticas Gerais
  • Esse quiz foi jogado 179 vezes
  • A pontuação média é 5 de 10
Estatísticas das Respostas
Ditados Complete % Correto
Água mole em pedra dura.. Tanto bate até que fura
94%
A pressa é... inimiga da perfeição
72%
Cão que ladra... não morde
72%
De grão em grão... a galinha enche o papo
69%
Antes tarde... do que nunca
66%
Mais vale um pássaro na mão... do que dois voando
58%
Quem espera... sempre alcança
38%
Em terra de cego... quem tem um olho é rei
26%
Quem com o ferro fere... com o ferro será ferido
21%
Casa de ferreiro... o espeto é de pau
16%
Nenhum quiz correspondente encontrado
Distribuição das Pontuações
Porcentagem de Pessoas com Cada Pontuação
Percentil de Números Respondidos
Sua Pontuação Histórica
Você não jogou esse quiz